Statistics for Most Innovative States Top 10

Click here to take the quiz!

General Stats

  • This quiz has been taken 1,374 times
  • The average score is 5 of 10

Answer Stats

RankingAnswer% Correct
6California
98%
2Washington
86%
10Oregon
76%
1Massachusetts
62%
5Colorado
46%
4Maryland
46%
7Virginia
44%
8Utah
40%
9Delaware
25%
3District of Columbia
2%

Score Distribution

Percentile by Number Answered

Percent of People with Each Score

Your Score History

You have not taken this quiz